00712 2200241 4500001002100000005001500021035002000036007000300056008004100059020002200100082001200122084001800134100002000152245013500172250001000307260003900317300002900356650002200385700001700407700002400424990001100448990001100459INLIS00000000000346620190521111857 a0010-0519000058ta190521 g 0 ind  a978-979-055-538-9 a297. 73 a297. 73 SRI q0 aSRI, Al Hidayat1 aQur'anic Quetions & Answers: Nabi yang Disebut dalam Al Qur'an Bagian 2 /cSri Al Hidayat; editor, Abdul Wahab, Safitri Lusiana D. acet.3 aBandung :bSygma Kaya Imaji,c2018 a28 hlm :bilus. ;c27 cm 4aISLAM. PENDIDIKAN0 aABDUL, Wahab0 aSAFITRI, Luciana D. a6547 a a6547 b